000 00497nam a22001697a 4500
005 20250319133105.0
008 250319b |||||||| |||| 00| 0 eng d
020 _a9781557865007
050 _aHD 30
_b.4 HAN
082 _aHD 30
_b.4 HAN
100 _aPUNNET,BETTY JANE
245 _aHANDBOOK FOR INTERNATIONAL MANAGEMENT RESEARCH
_cBETTY JANE PUNNETT & ODED SHENKAR
260 _aMASSACHUSETTS
_bBLACKWELL BUSINESS
_cc1996
300 _axix,583p,:
700 _aODED SHENKAR
942 _2lcc
_cBK
_n0
999 _c4953
_d4953